00822cam a22002531 45000010008000000030009000080050017000170080041000340100017000750350019000920400023001110410008001340420012001420500017001540820017001711000048001882450067002362600053003033000022003564400028003785040077004066500043004836500042005267056600BDDh-ASL20231015031245.0750505s1965 xx 000 0 eng  a 65023274  a(OCoLC)1311254 aDLCcBDDh-ASLdDLC aeng apremarc00aTL788.5b.G6 a327.14bGOI 1 aGoodwin, Harold L.q(Harold Leland),d1914-14aThe images of space /cCoordinating editor: James V. Bernardo. aNew York : bHolt, Rinehart and Winston, c1965. a189 p. : c21 cm. 0aHolt library of science aBibliographical references included in "Notes and comments" 'p. 179-184) 0aAstronautics and statezUnited States. 0aAstronautics and statezSoviet Union.